Países escritos igual en todos los idiomas Jetpunk - Estadísticas

Estadísticas generales
  • Esta prueba ha sido intentada 27 veces
    17 desde el último reinicio
  • La puntuación promedio es 3 de 7
Estadísticas de respuestas
Continente País % Correcto
Oceanía Nauru
60%
Américas Panama
60%
Américas Guatemala
53%
Américas Haiti
53%
África Angola
40%
África Togo
33%
África Mali
20%
No se encontraron pruebas coincidentes
Distribución de puntuación
Porcentaje de gente con cada puntuación
Porcentaje por número respondido
Historial de tus puntuaciones
No has intentado esta prueba desde el último reinicio